<?xml version="1.0" encoding="UTF-8"?><?xml-stylesheet type="text/xsl" href="static/style.xsl"?><OAI-PMH xmlns="http://www.openarchives.org/OAI/2.0/" xmlns:xsi="http://www.w3.org/2001/XMLSchema-instance" xsi:schemaLocation="http://www.openarchives.org/OAI/2.0/ http://www.openarchives.org/OAI/2.0/OAI-PMH.xsd"><responseDate>2026-06-03T22:34:40Z</responseDate><request verb="GetRecord" identifier="oai:riuma.uma.es:10630/45293" metadataPrefix="marc">https://riuma.uma.es/rest/oai/request</request><GetRecord><record><header><identifier>oai:riuma.uma.es:10630/45293</identifier><datestamp>2026-02-10T00:46:40Z</datestamp><setSpec>com_10630_2254</setSpec><setSpec>col_10630_37953</setSpec></header><metadata><record xmlns="http://www.loc.gov/MARC21/slim" xmlns:dcterms="http://purl.org/dc/terms/" xmlns:doc="http://www.lyncode.com/xoai" xmlns:xsi="http://www.w3.org/2001/XMLSchema-instance" xsi:schemaLocation="http://www.loc.gov/MARC21/slim http://www.loc.gov/standards/marcxml/schema/MARC21slim.xsd">
   <leader>00925njm 22002777a 4500</leader>
   <datafield ind2=" " ind1=" " tag="042">
      <subfield code="a">dc</subfield>
   </datafield>
   <datafield ind2=" " ind1=" " tag="720">
      <subfield code="a">Márquez-Chamizo, Esperanza</subfield>
      <subfield code="e">author</subfield>
   </datafield>
   <datafield ind2=" " ind1=" " tag="260">
      <subfield code="c">2021</subfield>
   </datafield>
   <datafield ind2=" " ind1=" " tag="520">
      <subfield code="a">En noviembre de 1989, una masacre conmovió al mundo: el caso de los jesuitas españoles asesinados en El Salvador. Hasta el pasado septiembre de 2020, no hubo ninguna condena para los culpables, siendo ésta una ocasión en la que la idea de jurisdicción universal ha surgido en un nuevo intento de luchar contra la impunidad.
El trabajo aborda la respuesta de El Salvador, lugar donde ocurrieron los hechos, así como la posición mantenida por España, la tierra de Ellacuría y sus compañeros,
trágicamente fallecidos. Ello, junto con la respuesta judicial de la Audiencia Nacional respecto al caso, es objeto de análisis en este trabajo.</subfield>
   </datafield>
   <datafield ind1="8" ind2=" " tag="024">
      <subfield code="a">MÁRQUEZ CHAMIZO, E., “Un nuevo paso para intentar hacer justicia respecto de la masacre de los jesuitas españoles en El Salvador: la Sentencia de la Audiencia Nacional de 11 de septiembre de 2020”, Anuario Español de Derecho Internacional, nº 37, 2021, pp. 379-422.</subfield>
   </datafield>
   <datafield ind1="8" ind2=" " tag="024">
      <subfield code="a">https://hdl.handle.net/10630/45293</subfield>
   </datafield>
   <datafield ind1="8" ind2=" " tag="024">
      <subfield code="a">10.15581/010.37.379-422</subfield>
   </datafield>
   <datafield tag="653" ind2=" " ind1=" ">
      <subfield code="a">Asesinato múltiple - El Salvador</subfield>
   </datafield>
   <datafield ind2="0" ind1="0" tag="245">
      <subfield code="a">Un nuevo paso para intentar hacer justicia respecto de la masacre de los jesuitas españoles en El Salvador: la Sentencia de la Audiencia Nacional de 11 de septiembre de 2020</subfield>
   </datafield>
</record>
</metadata></record></GetRecord></OAI-PMH>